00259 a2200109 4500001000700000020000600007040001100013100001900024240005100043245004600094362000900140167742 a  cMagnum aFeracine, Luiz10aO professor como agente de mudanca sociallpor10aO professor como agente de mudanca social0 a1899